Zdravotníctvo

Z obsahu: Trh v zdravotníctve - kde si? Problémy s reformou. Ceny liekov. Regulácia marží: prínos nejasný. Záchranná služba: dobrý biznis, mnoho otáznikov.

Salvato in:
Dettagli Bibliografici
Autore principale: Horníková, Zuzana
Altri autori: Beer, Gabriel
Natura: Capitolo di libro
Lingua:slovacco
Soggetti:
Tags: Aggiungi Tag
Nessun Tag, puoi essere il primo ad aggiungerne!!

MARC

LEADER 00000naa$a2200000$$$4500
001 0034349
005 20231009081914.9
041 0 |a slo 
044 |a SK 
245 1 0 |a Zdravotníctvo  |c Zuzana Horníková, Gabriel Beer 
520 |a Z obsahu: Trh v zdravotníctve - kde si? Problémy s reformou. Ceny liekov. Regulácia marží: prínos nejasný. Záchranná služba: dobrý biznis, mnoho otáznikov. 
610 2 0 |a zdravotníctvo 
610 2 0 |a reformy 
610 2 0 |a služby 
610 2 0 |a lekári 
610 2 0 |a zdravie 
610 2 0 |a poisťovne zdravotné 
610 2 0 |a liečivá 
610 2 0 |a ceny 
610 2 0 |a regulácia 
100 1 |a Horníková, Zuzana 
700 1 |a Beer, Gabriel